| 000 | 00813cam a22002654a 4500 | ||
|---|---|---|---|
| 003 | UPN | ||
| 005 | 20240910064204.0 | ||
| 008 | 030402s2001 es r 000 0 spa d | ||
| 020 | _a8430604308 | ||
| 035 | _aUPN01000123566 | ||
| 040 |
_aUPN _bspa _cUPN |
||
| 049 | _aCG | ||
| 050 | 4 |
_aBD450 _bF4.68 |
|
| 100 | 1 |
_aFerry, Luc _946725 |
|
| 245 | 1 | 1 |
_a¿Qué es el hombre? : _bsobre los fundamentos de la biología y la filosofía / _cLuc Ferry, Jean-Didier Vincent ; tr. Irene Cifuentes. |
| 260 |
_a[Madrid] : _bTaurus, _c2001. |
||
| 300 | _a327 p. | ||
| 490 | 0 | _aPensamiento | |
| 534 |
_pTítulo original: _tQu'est-ce que l'homme? |
||
| 650 | 4 |
_aAntropología filosófica _94784 |
|
| 650 | 7 |
_aBiología _xFilosofía _2 _94535 |
|
| 700 | 1 |
_aVincent, Jean-Didier _946726 |
|
| 905 | _aLibro | ||
| 942 |
_2lcc _cLIBRO |
||
| 999 |
_c95746 _d95746 |
||